Wages for laboureers in unorganised sector in India: a study of policy and legislation (Record no. 501610)

000 -LEADER
fixed length control field 00522cam a22001577a 4500
008 - FIXED-LENGTH DATA ELEMENTS--GENERAL INFORMATION
fixed length control field 180718b1992 xxu||||| |||| 00| 0 eng d
082 ## - DEWEY DECIMAL CLASSIFICATION NUMBER
Classification number APPPA 91-92 HAR
100 ## - MAIN ENTRY--PERSONAL NAME
Personal name Harijan, Jagdish
245 ## - TITLE STATEMENT
Title Wages for laboureers in unorganised sector in India: a study of policy and legislation
Statement of responsibility, etc. by Jagdish Harijan
260 ## - PUBLICATION, DISTRIBUTION, ETC.
Place of publication, distribution, etc. New Delhi
Name of publisher, distributor, etc. Indian Institute of Public Administration
Date of publication, distribution, etc. 1992
300 ## - PHYSICAL DESCRIPTION
Extent 138+p.
650 ## - SUBJECT ADDED ENTRY--TOPICAL TERM
Topical term or geographic name entry element Labour welfare
650 ## - SUBJECT ADDED ENTRY--TOPICAL TERM
Topical term or geographic name entry element Wage legislation
650 ## - SUBJECT ADDED ENTRY--TOPICAL TERM
Topical term or geographic name entry element Unorganised sector-India
650 ## - SUBJECT ADDED ENTRY--TOPICAL TERM
Topical term or geographic name entry element Wages
Holdings
Withdrawn status Lost status Damaged status Not for loan Permanent Location Current Location Date acquired Full call number Barcode Date last seen Price effective from Koha item type
        Indian Institute of Public Administration Indian Institute of Public Administration 2018-08-04 APPPA 91-92 HAR GR12559 2018-08-04 2018-08-04 GR

Powered by Koha